[Event "Belgrade-chT"]
[Site "Belgrade"]
[Date "2017.10.29"]
[Round "9.5"]
[White "Savkic, Igor"]
[Black "Josipovic, Dragan"]
[Result "1-0"]
[WhiteElo "2028"]
[BlackElo "2096"]
[PlyCount "77"]
[EventDate "2017.10.01"]
[EventType "team-tourn"]
[EventRounds "11"]
[EventCountry "SRB"]
[SourceTitle "CBM 181 Extra"]
[Source "ChessBase"]
[SourceDate "2017.12.12"]
[SourceVersion "1"]
[SourceVersionDate "2017.12.12"]
[SourceQuality "1"]
[WhiteTeam "BASK"]
[BlackTeam "Belgrade EDB"]
[WhiteTeamCountry "SRB"]
[BlackTeamCountry "SRB"]

1. e4 e5 2. Nf3 Nc6 3. Nc3 Bb4 4. Nd5 Ba5 5. Bb5 d6 6. b4 Bb6 7. a4 a6 8. Bc4 Ba7 9. d3 h6 10. 0-0 Nf6 11. b5 Nxd5 12. bxc6 Nf6 13. d4 exd4 14. e5 dxe5 15. Nxe5 0-0 16. Ba3 b5 17. axb5 axb5 18. Bb3 Be6 19. Bxe6 fxe6 20. Bxf8 Qxf8 21. Qd3 Qc5 22. Rfe1 Rd8 23. Qg6 Bb6 24. Nf7 Rf8 25. Nxh6+ Kh8 26. Nf7+ Kg8 27. Ng5 Qf5 28. Qxf5 exf5 29. h3 Nd5 30. Re6 Nb4 31. Rb1 Nxc2 32. Rxb5 Ba7 33. Rd5 Nb4 34. Rd7 Bc5 35. Rg6 Rf6 36. Rdxg7+ Kf8 37. Nh7+ Ke8 38. Nxf6+ Kf8 39. Rh7 1-0

[Event "Belgrade-chT"]
[Site "Belgrade"]
[Date "2017.10.21"]
[Round "6.4"]
[White "Poleksic, Dusan"]
[Black "Josipovic, Dragan"]
[Result "1/2-1/2"]
[WhiteElo "2011"]
[BlackElo "2096"]
[PlyCount "63"]
[EventDate "2017.10.01"]
[EventType "team-tourn"]
[EventRounds "11"]
[EventCountry "SRB"]
[SourceTitle "CBM 181 Extra"]
[Source "ChessBase"]
[SourceDate "2017.12.12"]
[SourceVersion "1"]
[SourceVersionDate "2017.12.12"]
[SourceQuality "1"]
[WhiteTeam "Vreoci Turbina"]
[BlackTeam "Belgrade EDB"]
[WhiteTeamCountry "SRB"]
[BlackTeamCountry "SRB"]

1. d4 Nf6 2. c4 e6 3. Nc3 Bb4 4. f3 c5 5. d5 exd5 6. cxd5 d6 7. e4 0-0 8. Bd3 Qc7 9. a3 Ba5 10. Bg5 Nbd7 11. Nge2 a6 12. 0-0 b5 13. f4 Bb6 14. Bc2 c4+ 15. Nd4 Qc5 16. Nce2 Re8 17. Kh1 Nxe4 18. Qe1 Bb7 19. Rd1 Ndf6 20. Bxf6 Nxf6 21. Qh4 Bxd5 22. Ng3 Be4 23. Bxe4 Nxe4 24. Ngf5 Bd8 25. Qg4 Bf6 26. Nxg7 Kh8 27. Ngf5 Bxd4 28. Rxd4 Qxd4 29. Qh4 Nf2+ 30. Kg1 Nh3+ 31. Kh1 Nf2+ 32. Kg1 1/2-1/2

[Event "Belgrade-chT"]
[Site "Belgrade"]
[Date "2017.10.15"]
[Round "5.5"]
[White "Tasic, Zoran T"]
[Black "Josipovic, Dragan"]
[Result "0-1"]
[WhiteElo "2081"]
[BlackElo "2096"]
[PlyCount "42"]
[EventDate "2017.10.01"]
[EventType "team-tourn"]
[EventRounds "11"]
[EventCountry "SRB"]
[SourceTitle "CBM 181 Extra"]
[Source "ChessBase"]
[SourceDate "2017.12.12"]
[SourceVersion "1"]
[SourceVersionDate "2017.12.12"]
[SourceQuality "1"]
[WhiteTeam "Borca"]
[BlackTeam "Belgrade EDB"]
[WhiteTeamCountry "SRB"]
[BlackTeamCountry "SRB"]

1. d4 Nf6 2. Nf3 e6 3. g3 b6 4. Bg2 Bb7 5. 0-0 Be7 6. c4 0-0 7. d5 exd5 8. Nh4 c6 9. cxd5 Nxd5 10. Bxd5 Bxh4 11. gxh4 cxd5 12. Qd4 Qe7 13. Nc3 Na6 14. Bg5 Qe6 15. f3 Rac8 16. b3 Nc7 17. Be3 Rfe8 18. Bf2 Qh6 19. Rac1 Ne6 20. Qg4 f5 21. Qg3 d4 0-1

[Event "Belgrade-chT Quality"]
[Site "Belgrade"]
[Date "2016.10.16"]
[Round "6.2"]
[White "Josipovic, Dragan"]
[Black "Jandric, Damjan"]
[Result "1/2-1/2"]
[WhiteElo "2082"]
[BlackElo "2151"]
[PlyCount "107"]
[EventDate "2016.10.01"]
[EventType "team-tourn"]
[EventRounds "11"]
[EventCountry "SRB"]
[SourceTitle "EXT 2018"]
[Source "ChessBase"]
[SourceDate "2017.10.13"]
[SourceVersion "1"]
[SourceVersionDate "2017.10.13"]
[SourceQuality "1"]

1. e4 c5 2. c3 d5 3. exd5 Qxd5 4. Nf3 Nf6 5. d4 Bg4 6. Be2 e6 7. Be3 cxd4 8. cxd4 Nc6 9. 0-0 Bd6 10. Nc3 Qa5 11. Qb3 Qb4 12. Qc2 0-0 13. a3 Qa5 14. b4 Qd8 15. Rfd1 Ne7 16. Ne4 Ned5 17. Nxd6 Qxd6 18. Rdc1 Bf5 19. Qb3 Rac8 20. Ne5 h6 21. Bf3 Be4 22. Bxe4 Nxe4 23. Qd3 Nef6 24. Rc2 Rxc2 25. Qxc2 Qc7 26. Rc1 Rc8 27. Qxc7 Rxc7 28. Rc5 Ne8 29. Nd3 b6 30. Rxc7 Nexc7 31. a4 f6 32. Bd2 Kf7 33. Kf1 a6 34. Ke2 Ke7 35. Nb2 Kd7 36. Kd3 Kc6 37. g3 Ne7 38. Nd1 Ncd5 39. Ne3 b5 40. a5 Kd6 41. Nc2 Nc6 42. h4 h5 43. Ke4 g6 44. Kd3 Nce7 45. Bh6 Nf5 46. Bd2 Nde7 47. Na1 Nc6 48. Nb3 Kd5 49. Nc5 Nfxd4 50. Nxa6 e5 51. Nc7+ Kd6 52. Ne8+ Ke7 53. Nc7 Kd6 54. Ne8+ 1/2-1/2

[Event "Belgrade-chT Quality"]
[Site "Belgrade"]
[Date "2016.10.09"]
[Round "4.2"]
[White "Josipovic, Dragan"]
[Black "Lazic, Ljubisa V"]
[Result "1-0"]
[WhiteElo "2082"]
[BlackElo "2199"]
[PlyCount "110"]
[EventDate "2016.10.01"]
[EventType "team-tourn"]
[EventRounds "11"]
[EventCountry "SRB"]
[SourceTitle "EXT 2018"]
[Source "ChessBase"]
[SourceDate "2017.10.13"]
[SourceVersion "1"]
[SourceVersionDate "2017.10.13"]
[SourceQuality "1"]

1. e4 c6 2. d4 d6 3. Nc3 Qc7 4. Bd3 e5 5. Be3 Nf6 6. f3 h5 7. Qd2 Be7 8. Nge2 Nbd7 9. 0-0-0 Nf8 10. h3 h4 11. dxe5 dxe5 12. f4 Ne6 13. f5 Nc5 14. Qe1 b6 15. g4 hxg3 16. Qxg3 Rh7 17. Ng1 Nh5 18. Qg4 Nxd3+ 19. Rxd3 Ba6 20. Rd2 Nf6 21. Qg2 Nd7 22. Nf3 0-0-0 23. Rhd1 Nf8 24. Ng5 Rxd2 25. Rxd2 Bxg5 26. Qxg5 f6 27. Qg4 Qf7 28. h4 Kc7 29. a4 Qh5 30. Rg2 Qf7 31. a5 Qc4 32. axb6+ axb6 33. Qd1 Bc8 34. Qg1 Nd7 35. Rxg7 Rxg7 36. Qxg7 Qf1+ 37. Kd2 Qh3 38. Bf2 b5 39. Qg3 Qh1 40. Qe3 b4 41. Na4 Bb7 42. Nb6 c5 43. Nxd7 Kxd7 44. Qd3+ Kc8 45. Bxc5 Bxe4 46. Qa6+ Kd7 47. Qe6+ Kc7 48. Bd6+ Kc6 49. Bxe5+ Kb5 50. Qd7+ Ka5 51. Bc7+ Ka6 52. Qc8+ Kb5 53. Qe8+ Ka6 54. Qc8+ Kb5 55. Qb8+ Kc6 1-0

[Event "SRB-chT"]
[Site "Kragujevac"]
[Date "2015.08.28"]
[Round "9.1"]
[White "Josipovic, Dragan"]
[Black "Marinkovic, Ivan"]
[Result "0-1"]
[WhiteElo "2117"]
[BlackElo "2463"]
[PlyCount "69"]
[EventDate "2015.08.20"]
[EventType "team-tourn"]
[EventRounds "11"]
[EventCountry "YUG"]
[SourceTitle "EXT 2016"]
[Source "ChessBase"]
[SourceDate "2015.10.08"]
[SourceVersion "1"]
[SourceVersionDate "2015.10.08"]
[SourceQuality "1"]
[WhiteTeam "Belgrade Delfin"]
[BlackTeam "Kraljevo Sloga Turist"]
[WhiteTeamCountry "SRB"]
[BlackTeamCountry "SRB"]

1. e4 g6 2. d4 Bg7 3. Nc3 c6 4. Be3 d5 5. e5 h5 6. Nf3 Bg4 7. Be2 Bxf3 8. Bxf3 e6 9. Qd3 Nh6 10. Ne2 Qb6 11. c3 Nf5 12. b3 Qa6 13. Qxa6 Nxa6 14. Bg5 Nc7 15. h4 Kd7 16. g4 hxg4 17. Bxg4 Bh6 18. Bf6 Rh7 19. Bxf5 exf5 20. h5 g5 21. f4 g4 22. Kf2 Rg8 23. c4 Ke6 24. Kg3 Bf8 25. Rac1 Be7 26. Bxe7 Kxe7 27. Kh4 Ne6 28. cxd5 cxd5 29. Ng3 Nxd4 30. Rhf1 Ke6 31. Rc7 Nf3+ 32. Rxf3 gxf3 33. Rxb7 Rg4+ 34. Kh3 f2 35. Ne2 0-1

[Event "Belgrade-chT Quality"]
[Site "Belgrade"]
[Date "2011.10.29"]
[Round "5"]
[White "Josipovic, Dragan"]
[Black "Lukic, Branislav"]
[Result "0-1"]
[WhiteElo "2127"]
[BlackElo "2203"]
[PlyCount "70"]
[EventDate "2011.10.15"]
[EventType "team-swiss"]
[EventRounds "11"]
[EventCountry "SRB"]
[SourceTitle "EXT 2012"]
[Source "ChessBase"]
[SourceDate "2011.11.24"]
[SourceVersion "1"]
[SourceVersionDate "2011.11.24"]
[SourceQuality "1"]

1. e4 c6 2. d4 d5 3. Nc3 g6 4. Nf3 Bg4 5. e5 Nh6 6. h3 Bxf3 7. Qxf3 Qb6 8. Qd3 Nf5 9. Ne2 e6 10. g4 Nh4 11. c3 Be7 12. f4 Nd7 13. Ng3 f6 14. exf6 Bxf6 15. Qe2 0-0-0 16. Be3 Qa5 17. a4 e5 18. b4 Qc7 19. dxe5 Nxe5 20. fxe5 Bxe5 21. 0-0-0 Rde8 22. Qd3 Bxg3 23. Bxa7 Rhf8 24. a5 Rf3 25. Qc2 Qf4+ 26. Kb1 Bf2 27. Bxf2 Rxf2 28. Qa4 Qe5 29. a6 Qxc3 30. axb7+ Kd7 31. Rxd5+ Ke7 32. Be2 Rxe2 33. Rd2 Rxd2 34. Re1+ Kf6 35. Qa1 Rxe1# 0-1

[Event "Belgrade-chT Quality"]
[Site "Belgrade"]
[Date "2011.10.15"]
[Round "1"]
[White "Adamovic, Strahinja"]
[Black "Josipovic, Dragan"]
[Result "0-1"]
[WhiteElo "2090"]
[BlackElo "2127"]
[PlyCount "64"]
[EventDate "2011.10.15"]
[EventType "team-swiss"]
[EventRounds "11"]
[EventCountry "SRB"]
[SourceTitle "EXT 2012"]
[Source "ChessBase"]
[SourceDate "2011.11.24"]
[SourceVersion "1"]
[SourceVersionDate "2011.11.24"]
[SourceQuality "1"]

1. e4 e5 2. Nf3 Nc6 3. Bb5 a6 4. Ba4 Nf6 5. 0-0 Be7 6. Re1 b5 7. Bb3 0-0 8. c3 d5 9. exd5 Nxd5 10. Nxe5 Nxe5 11. Rxe5 c6 12. d4 Bd6 13. Re1 Qh4 14. g3 Qh3 15. Be3 Bg4 16. Qd3 Rae8 17. Bxd5 cxd5 18. Nd2 f5 19. f4 Re6 20. Qf1 Qh5 21. Qg2 Rfe8 22. Qxd5 Qf7 23. Kf2 g5 24. Nf3 gxf4 25. Ng5 Qh5 26. h4 fxg3+ 27. Kg2 f4 28. Bxf4 Bxf4 29. Rf1 Bxg5 30. Qxg5+ Qxg5 31. hxg5 Re3 32. a4 Be6 0-1

[Event "SRB-chT quality"]
[Site "Belgrade"]
[Date "2010.10.31"]
[Round "11"]
[White "Kostic, Milutin B"]
[Black "Josipovic, Dragan"]
[Result "1-0"]
[WhiteElo "2301"]
[BlackElo "2148"]
[PlyCount "59"]
[EventDate "2010.10.09"]
[EventType "team-tourn"]
[EventRounds "11"]
[EventCountry "YUG"]
[SourceTitle "EXT 2011"]
[Source "ChessBase"]
[SourceDate "2010.11.26"]
[SourceVersion "1"]
[SourceVersionDate "2010.11.26"]
[SourceQuality "1"]

1. d4 d5 2. Nf3 Nf6 3. c4 e6 4. g3 Bb4+ 5. Bd2 a5 6. Qc2 0-0 7. Bg2 c6 8. 0-0 Nbd7 9. Rd1 Re8 10. Nc3 dxc4 11. Ne5 Qb6 12. e3 Qc7 13. Nxc4 e5 14. a3 Bf8 15. Rac1 g6 16. Qb1 h5 17. d5 a4 18. Be1 Nc5 19. dxc6 Nb3 20. Nb5 Qe7 21. Bb4 Qe6 22. Nc7 Qg4 23. Nxe8 Nxe8 24. cxb7 Bxb7 25. Bxb7 Rb8 26. Qe4 Nxc1 27. Rxc1 Bxb4 28. axb4 Qe2 29. Bd5 Rxb4 30. Qxg6+ 1-0

[Event "SRB-chT quality"]
[Site "Belgrade"]
[Date "2010.10.17"]
[Round "4"]
[White "Mikicic, Dusan"]
[Black "Josipovic, Dragan"]
[Result "1-0"]
[WhiteElo "2185"]
[BlackElo "2148"]
[PlyCount "91"]
[EventDate "2010.10.09"]
[EventType "team-tourn"]
[EventRounds "11"]
[EventCountry "YUG"]
[SourceTitle "EXT 2011"]
[Source "ChessBase"]
[SourceDate "2010.11.26"]
[SourceVersion "1"]
[SourceVersionDate "2010.11.26"]
[SourceQuality "1"]

1. e4 e5 2. Nf3 Nc6 3. d4 exd4 4. Nxd4 Nf6 5. f3 d5 6. Bb5 Bd7 7. Bxc6 bxc6 8. e5 Ng8 9. 0-0 Bc5 10. Kh1 Qh4 11. Be3 Nh6 12. Bf2 Qh5 13. e6 fxe6 14. Nxe6 Bxe6 15. Bxc5 Kf7 16. Qd4 Qf5 17. c3 a5 18. Nd2 Rhe8 19. Ne4 Kg8 20. Ng3 Qg6 21. Qf4 Qf7 22. Qa4 Bd7 23. Rfe1 Rab8 24. Qxa5 Rxb2 25. Qxc7 Nf5 26. a4 Nxg3+ 27. Qxg3 Rxe1+ 28. Rxe1 h6 29. h3 Bf5 30. Re7 Qg6 31. Qxg6 Bxg6 32. a5 Bd3 33. Kg1 Ra2 34. Ra7 h5 35. h4 g6 36. Bd4 Kf8 37. g3 Ke8 38. g4 hxg4 39. fxg4 Be2 40. h5 gxh5 41. gxh5 Bxh5 42. a6 Bf3 43. Bc5 Ra5 44. Re7+ Kd8 45. a7 Kc8 46. Re8+ 1-0